000 00708nas a2200253 4500
001 BR9501067
003 BR-BrBNA
005 20231205093931.0
007 ta
008 230509b bl.|||p| |||| 00| 00por d
040 _aBR-BrBNA
_bpor
_cBiblioteca Nacional de Agricultura
041 _a(En)
072 _aH20
100 1 _aLopes, C.A.
100 1 _aBoff, P.
100 1 _aDuarte, V.
245 1 _aFoot rot of sweet potato in Brazil
650 _aBatata Doce
650 _aMal-do-Pe
650 _aEtiologia
773 0 _tPesquisa Agropecuaria Brasileira (Brazil)
_xISSN 0100-204X
_g(Sep 1994), v. 29(9) p. 1407-1410
_wBR9501067
909 _a202311
_bLúcia
_c55
_dLúcia Elande
942 _2AGRIS
_n0
_cANA
999 _c141174
_d141174